[Event "8e Festival de Vaujany 2017 - principal"]
[Site "?"]
[Date "2017.07.21"]
[Round "9.16"]
[White "Patole, Noam"]
[Black "Pierecker, Markus"]
[Result "0-1"]
[WhiteElo "1778"]
[BlackElo "2179"]
[PlyCount "102"]
[EventDate "2017.07.15"]

1. e4 c5 2. Nf3 e6 3. d4 cxd4 4. Nxd4 Nc6 5. Nc3 Qc7 6. Be2 Nf6 7. Be3 a6 8. a4
Bb4 9. f3 d5 10. O-O Nxd4 11. Qxd4 Bxc3 12. bxc3 e5 13. Qb4 Be6 14. Rab1 dxe4
15. fxe4 Rc8 16. Qxb7 O-O 17. Qxc7 Rxc7 18. Bd3 Bc4 19. Rfc1 Rfc8 20. Rb6 h6
21. Bxh6 Nd7 22. Rd6 Bxd3 23. cxd3 gxh6 24. Re1 Nc5 25. a5 Rd7 26. Rxh6 Rxd3
27. Rh5 Re8 28. Rg5+ Kf8 29. Rg3 Rxg3 30. hxg3 Rd8 31. Re3 Rd3 32. Rf3 Rxf3 33.
gxf3 Nb7 34. Kf2 Nxa5 35. Ke2 Ke7 36. f4 Kd6 37. Kd3 Kc5 38. fxe5 Nc6 39. e6
fxe6 40. Ke2 Kc4 41. g4 Ne5 42. g5 Ng6 43. Kd2 a5 44. Kc2 a4 45. Kb2 e5 46. Kc2
a3 47. Kb1 Kb3 48. Ka1 a2 49. c4 Ne7 50. g6 Nc6 51. g7 Nd4 0-1

[Event "8e Festival de Vaujany 2017 - principal"]
[Site "?"]
[Date "2017.07.21"]
[Round "9.17"]
[White "Soyer, Jean-yves"]
[Black "De Vent, Rens"]
[Result "1-0"]
[WhiteElo "2084"]
[BlackElo "1856"]
[PlyCount "53"]
[EventDate "2017.07.15"]

1. d4 Nf6 2. c4 g6 3. Nc3 Bg7 4. e4 d6 5. Nf3 O-O 6. Be2 e5 7. Be3 Ng4 8. Bg5
f6 9. Bh4 g5 10. Bg3 Nh6 11. d5 Nd7 12. h4 g4 13. Nd2 f5 14. exf5 Nf6 15. Nde4
Bxf5 16. Bd3 Nh5 17. Qc2 Nf4 18. Bxf4 exf4 19. O-O-O b5 20. Ng5 b4 21. Bxf5
bxc3 22. Be6+ Rf7 23. Qxh7+ Kf8 24. Qg6 Qe7 25. Rhe1 cxb2+ 26. Kb1 Re8 27. Nh7+
1-0

[Event "8e Festival de Vaujany 2017 - principal"]
[Site "?"]
[Date "2017.07.21"]
[Round "9.18"]
[White "Williams, Johann"]
[Black "Cherki, Thomas"]
[Result "1-0"]
[WhiteElo "1951"]
[BlackElo "2030"]
[PlyCount "23"]
[EventDate "2017.07.15"]

1. e4 e5 2. Nf3 Nc6 3. Bb5 f5 4. d3 fxe4 5. dxe4 Nf6 6. O-O Bc5 7. Qd3 d6 8.
Qc4 Bd7 9. Nc3 Bb6 10. Nd5 Na5 11. Nxf6+ gxf6 12. Qe6+ 1-0

[Event "8e Festival de Vaujany 2017 - principal"]
[Site "?"]
[Date "2017.07.21"]
[Round "9.19"]
[White "Birovecz, Ben Jordan"]
[Black "Lysenko, Ivan"]
[Result "1-0"]
[WhiteElo "1981"]
[BlackElo "1703"]
[PlyCount "109"]
[EventDate "2017.07.15"]

1. d4 Nf6 2. c4 g6 3. Nc3 Bg7 4. e4 d6 5. Be2 O-O 6. Bg5 c5 7. d5 Qa5 8. Qd2
Nbd7 9. h4 a6 10. h5 b5 11. hxg6 fxg6 12. cxb5 axb5 13. Bxb5 Nxe4 14. Nxe4 Qxb5
15. Bh6 Qb4 16. Nc3 Bxh6 17. Qxh6 Nf6 18. O-O-O Bf5 19. Rh4 Qb7 20. Nge2 Rab8
21. Rd2 Qd7 22. f3 Qe8 23. g4 Bd7 24. Ne4 Qf7 25. Nxf6+ exf6 26. Nc3 g5 27. Rh1
Qg7 28. Rdh2 Qxh6 29. Rxh6 Be8 30. Rxh7 Bg6 31. Rh8+ Kg7 32. Rxf8 Rxf8 33. Re1
f5 34. Re7+ Kh6 35. a4 fxg4 36. fxg4 Rf2 37. Re2 Rf1+ 38. Kd2 Ra1 39. Re6 Kg7
40. Rxd6 Be8 41. Ra6 Kf7 42. Ra7+ Kf6 43. a5 Bg6 44. a6 Ke5 45. Ra8 Kd6 46. a7
Kc7 47. d6+ Kd7 48. Rg8 Be8 49. Nb5 Ra5 50. Rxe8 Kxe8 51. a8=Q+ Rxa8 52. Nc7+
Kd7 53. Nxa8 Kxd6 54. Nb6 Ke5 55. Ke3 1-0

[Event "8e Festival de Vaujany 2017 - principal"]
[Site "?"]
[Date "2017.07.21"]
[Round "9.20"]
[White "Geher, Koppany"]
[Black "Geher, Laszlo"]
[Result "1-0"]
[WhiteElo "1973"]
[BlackElo "1900"]
[PlyCount "33"]
[EventDate "2017.07.15"]

1. e4 d6 2. d4 Nf6 3. Nc3 g6 4. Nf3 Bg7 5. Be2 O-O 6. O-O Bg4 7. Be3 Nc6 8. Qd2
e5 9. dxe5 dxe5 10. Rad1 Qc8 11. Qc1 Nd7 12. h3 Be6 13. Ng5 Nb6 14. Nxe6 Qxe6
15. Nd5 Rac8 16. c3 f5 17. Bxb6 1-0

[Event "8e Festival de Vaujany 2017 - principal"]
[Site "?"]
[Date "2017.07.21"]
[Round "9.21"]
[White "Bandet, Raphael"]
[Black "Roche, Yves"]
[Result "1-0"]
[WhiteElo "2179"]
[BlackElo "1885"]
[PlyCount "61"]
[EventDate "2017.07.15"]

1. e4 c5 2. Nf3 Nf6 3. Nc3 d6 4. d4 cxd4 5. Nxd4 a6 6. Bc4 Qc7 7. Bb3 e6 8. Qf3
Be7 9. Qg3 Bf8 10. Be3 Nc6 11. O-O-O Bd7 12. Nxc6 Bxc6 13. e5 dxe5 14. Na4 Nd7
15. Rd3 b5 16. Nc3 a5 17. a4 bxa4 18. Nxa4 Qb7 19. Rhd1 Rb8 20. Rxd7 Bxd7 21.
Nc5 Bxc5 22. Bxc5 Rg8 23. Qg5 Bc6 24. Rd6 f6 25. Rxe6+ Kd8 26. Qd2+ Kc8 27. Re7
Bd7 28. Qc3 Re8 29. Bb6+ Qc6 30. Qxc6+ Bxc6 31. Be6+ 1-0

[Event "8e Festival de Vaujany 2017 - principal"]
[Site "?"]
[Date "2017.07.21"]
[Round "9.22"]
[White "Mathieu, Phileas"]
[Black "Virag, Balint"]
[Result "0-1"]
[WhiteElo "1972"]
[BlackElo "1922"]
[PlyCount "48"]
[EventDate "2017.07.15"]

1. e4 e6 2. d4 d5 3. Nd2 c5 4. exd5 Qxd5 5. Ngf3 cxd4 6. Bc4 Qd6 7. O-O Nf6 8.
Nb3 Nc6 9. Nbxd4 Nxd4 10. Qxd4 Qxd4 11. Nxd4 a6 12. a4 Be7 13. c3 O-O 14. h3
Rd8 15. Be3 Nd5 16. Rad1 Nxe3 17. fxe3 Bg5 18. Kf2 Bd7 19. a5 Rac8 20. Be2 Rc5
21. Bf3 Rxa5 22. Bxb7 Rb8 23. Nb3 Rf5+ 24. Ke2 Bb5+ 0-1

[Event "8e Festival de Vaujany 2017 - principal"]
[Site "?"]
[Date "2017.07.21"]
[Round "9.25"]
[White "Boghossian, Pierre"]
[Black "Anton, Jose"]
[Result "1-0"]
[WhiteElo "1946"]
[BlackElo "1846"]
[PlyCount "45"]
[EventDate "2017.07.15"]

1. Nf3 d6 2. d4 Nf6 3. Bf4 Bf5 4. e3 Nbd7 5. Nc3 c6 6. Bd3 Bxd3 7. Qxd3 Qc7 8.
Bg5 e5 9. dxe5 dxe5 10. O-O-O O-O-O 11. Bxf6 gxf6 12. Qf5 Be7 13. Ne4 Kb8 14.
Rd2 Qa5 15. Rxd7 Qxa2 16. Nc3 Qa1+ 17. Nb1 Bb4 18. Rhd1 Rdf8 19. Qxf6 a5 20. c3
Qa2 21. cxb4 Qc4+ 22. Nc3 axb4 23. Qxe5+ 1-0

[Event "8e Festival de Vaujany 2017 - principal"]
[Site "?"]
[Date "2017.07.21"]
[Round "9.26"]
[White "Stamboulian, Brice"]
[Black "Delin, Valere"]
[Result "1-0"]
[WhiteElo "1820"]
[BlackElo "1753"]
[PlyCount "51"]
[EventDate "2017.07.15"]

1. e4 c5 2. c3 Nf6 3. e5 Nd5 4. d4 cxd4 5. cxd4 Nc6 6. Nf3 d6 7. Bb5 dxe5 8.
Bxc6+ bxc6 9. Nxe5 e6 10. O-O Qc7 11. Re1 g6 12. Nc3 Nxc3 13. bxc3 Bg7 14. Bf4
Qb6 15. Qf3 Bb7 16. Nc4 Qa6 17. Nd6+ Ke7 18. Rab1 Bc8 19. d5 Rd8 20. dxc6 e5
21. Bxe5 Bxe5 22. Nxf7 Bg4 23. Rxe5+ Kf8 24. Qf6 Rd6 25. Nxd6+ Kg8 26. Re7 1-0